00415nam a2200157Ia 4500999001500000003000400015005001700019008004100036040000900077082001800086100002200104245003700126260004300163300000900206942004200215 c5004d5004OSt20200122104444.0190216s9999||||xx |||||||||||||| ||und|| coclc a657.45bTAN/P aTandon, B N91294 0aPractical Auditing /cB N Tandon bSultan Chand&Sons,c1984.aNew Delhi: a819p cBK2ddch657.45iTAN/Pk657.45mTAN/P